000 00830nam a2200265 a 4500
001 45219
003 BD-RjUL
005 20211209054000.0
008 160725s1960 ne 000 0 eng
035 _a(BD-RjUL)45337
035 _a(OCoLC)505576
040 _aDLC
_cODaWU
_dDLC
_dBD-RjUL
_beng
041 _aeng
082 _223
_a340
_bREP 1960
100 1 _aRemec, Peter Pavel,
_d1925-
_9138535
245 1 4 _aThe position of the individual in international law according to Grotius and Vattel /
_cPeter Pavel Remec.
260 _aThe Hague,
_bM. Nijhoff,
_c1960.
300 _a260 p. ;
_c25 cm.
600 1 0 _aGrotius, Hugo,
_d1583-1645.
_9138536
600 1 0 _aVattel, Emer de,
_d1714-1767.
_9138537
650 0 _aLaw
_9138538
650 0 _aPersons (International law)
_9138539
942 _2ddc
_cBK
999 _c45219
_d45219